Longwall Machinery and Mechanisation (Record no. 5744)

MARC details
000 -LEADER
fixed length control field 00379nam a22001577a 4500
005 - DATE AND TIME OF LATEST TRANSACTION
control field 20181006115846.0
008 - FIXED-LENGTH DATA ELEMENTS--GENERAL INFORMATION
fixed length control field 181006b xxu||||| |||| 00| 0 eng d
041 ## - LANGUAGE CODE
Language code of text/sound track or separate title eng
100 ## - MAIN ENTRY--AUTHOR NAME
Personal name Mukherjee,S.N
245 ## - TITLE STATEMENT
Title Longwall Machinery and Mechanisation
250 ## - EDITION STATEMENT
Edition statement 1st
260 ## - PUBLICATION, DISTRIBUTION, ETC. (IMPRINT)
Place of publication Dhanbad
Name of publisher A.M Publication
Year of publication 1993
300 ## - PHYSICAL DESCRIPTION
Number of Pages 70
650 ## - SUBJECT ADDED ENTRY--TOPICAL TERM
Topical Term Mininmg
942 ## - ADDED ENTRY ELEMENTS (KOHA)
Koha item type Books
Holdings
Lost status Damaged status Home library Current library Shelving location Date acquired Source of acquisition Cost, normal purchase price Accession Number Koha item type Collection code
    JRU Library   SHELF-76-C 06/10/2018 Purchase 550.00 22441 Books  
    JRU Library JRU Library SHELF-94-C 06/10/2018 Purchase 550.00 22442 Books MINING